<?xml version="1.0" encoding="UTF-8"?>
<marc:record xmlns:marc="http://www.loc.gov/MARC21/slim">
   <marc:leader>00000nam a2200000 a 4500</marc:leader>
   <marc:datafield ind1="1" ind2=" " tag="100">
      <marc:subfield code="a">Marchant, Petrus</marc:subfield>
   </marc:datafield>
   <marc:datafield ind1="1" ind2=" " tag="100">
      <marc:subfield code="a">Dahier, Joannes</marc:subfield>
   </marc:datafield>
   <marc:datafield ind1="1" ind2=" " tag="100">
      <marc:subfield code="a">Iunius, Balduinus</marc:subfield>
   </marc:datafield>
   <marc:datafield ind1="1" ind2=" " tag="100">
      <marc:subfield code="a">Iaspar Winc &lt;Abbas San-Dionysianus&gt;</marc:subfield>
   </marc:datafield>
   <marc:datafield ind1="0" ind2="0" tag="245">
      <marc:subfield code="a">Cuius Elenchum, pagina sequens exhibet</marc:subfield>
   </marc:datafield>
   <marc:datafield ind1=" " ind2="1" tag="264">
      <marc:subfield code="c">1628</marc:subfield>
   </marc:datafield>
   <marc:datafield ind1="1" ind2=" " tag="520">
      <marc:subfield code="a">Stempel am Vortitel- und am Titelbl.: Bibliothec. P. P. Capuc. Gmundae; Druckermarke am Titelbl. http://zentralbibliothek.kapuziner.at/kupferstiche/provinzbibliothek/provinzbibliothek_2696.jpg, Verzierungen, Zierkupferstiche und ill. Initialen im Text; gelber Schweinsledereinband auf Buchdeckeln aus Holz, Leder der Buchdeckel mit Streicheisenlinien, fleuralen Bordüren und Deckelvignetten "IHS darüber Kreuz im Strahlenkranz" in Blindprägung verziert, Buchrücken mit 5 doppelten Bünden, Titelschild "Opera || Philip: Bosquier || Tom: III." und Signaturschild "D", 2 rechteckige, gravierte Messingschließen mit Lederscharnieren, türkise Schnittkante.</marc:subfield>
   </marc:datafield>
   <marc:datafield ind1=" " ind2=" " tag="041">
      <marc:subfield code="a">ger</marc:subfield>
   </marc:datafield>
   <marc:datafield ind1=" " ind2=" " tag="500">
      <marc:subfield code="a">Bibliogr. Nachweis: VD17 23:629014C</marc:subfield>
   </marc:datafield>
   <marc:datafield ind1="0" ind2=" " tag="490">
      <marc:subfield code="v">3.</marc:subfield>
   </marc:datafield>
   <marc:datafield ind1=" " ind2=" " tag="300">
      <marc:subfield code="a">[6] Bl., 1023, [1] S., [44] Bl. : Ill.</marc:subfield>
   </marc:datafield>
</marc:record>
